| 000 | 00440nam a22001697a 4500 | ||
|---|---|---|---|
| 005 | 20251117173610.0 | ||
| 008 | 251117b |||||||| |||| 00| 0 eng d | ||
| 020 | _a0-534-55989-1 | ||
| 050 |
_aPN 1992.75 2000 _bC.2 |
||
| 100 | _aZETTL HERBERT | ||
| 245 | _aTELEVISION PRODUCTION HANDBOOK | ||
| 250 | _a7ED | ||
| 260 |
_aUS _bWADSWORTH THOMSON LEARNING _c2000 |
||
| 300 | _aXXVI.,566P. | ||
| 500 | _aIJNCLUDES INDEX | ||
| 942 |
_2lcc _cBK |
||
| 999 |
_c216198 _d216198 |
||